|
|
|
|
| LEADER |
01380nam a2200337Ia 4500 |
| 001 |
EBC3050138 |
| 003 |
MiAaPQ |
| 005 |
20200520144314.0 |
| 006 |
m o d | |
| 007 |
cr cn||||||||| |
| 008 |
020503s2003 sz s 000 0 eng d |
| 020 |
|
|
|z 9241590521
|
| 035 |
|
|
|a (MiAaPQ)EBC3050138
|
| 035 |
|
|
|a (Au-PeEL)EBL3050138
|
| 035 |
|
|
|a (CaPaEBR)ebr10042826
|
| 035 |
|
|
|a (OCoLC)927460552
|
| 040 |
|
|
|a MiAaPQ
|c MiAaPQ
|d MiAaPQ
|
| 050 |
|
4 |
|a HF5549.5.E43
|b C37 2003
|
| 100 |
1 |
|
|a Cassitto, Maria Grazia.
|
| 245 |
1 |
0 |
|a Raising awareness of Psychological Harassment at Work
|h [electronic resource] :
|b advice to health professionals, decision makers, managers, human resources directors, legal community, unions and workers /
|c Maria Grazia Cassitto [et al].
|
| 260 |
|
|
|a Geneva :
|b World Health Organization,
|c c2003.
|
| 300 |
|
|
|a 40 p.
|
| 490 |
1 |
|
|a Protecting Workers Series ;
|v no. 4
|
| 533 |
|
|
|a Electronic reproduction. Ann Arbor, MI : ProQuest, 2015. Available via World Wide Web. Access may be limited to ProQuest affiliated libraries.
|
| 650 |
|
0 |
|a Bullying in the workplace.
|
| 650 |
|
0 |
|a Harassment
|x Prevention.
|
| 655 |
|
4 |
|a Electronic books.
|
| 700 |
1 |
|
|a Gilioli, Renato.
|
| 710 |
2 |
|
|a ProQuest (Firm)
|
| 830 |
|
0 |
|a Protecting Workers Series ;
|v no. 4.
|
| 856 |
4 |
0 |
|u https://ebookcentral.proquest.com/lib/matrademy/detail.action?docID=3050138
|z Click to View
|